| 000 | 00993nam a2200265Ia 4500 | ||
|---|---|---|---|
| 003 | OSt | ||
| 005 | 20220923211141.0 | ||
| 006 | a|||||r|||| 00| 0 | ||
| 007 | ta | ||
| 008 | 220922b |||||||| |||| 00| 0 san d | ||
| 020 |
_a8186111433 (hbk) _c600 |
||
| 024 | _a264,928 | ||
| 037 |
_b133, 27/08/2012, Eastern Book Linkers _cTextual |
||
| 040 |
_aARTS _cARTS _bsan |
||
| 041 |
_2san _asan |
||
| 082 | _aO15,1K20,2, P7 | ||
| 100 |
_aवाई़़.एस.रमेश, संपा. _9158773 |
||
| 245 | 0 | _aयुधिष्ठिरविजयम् | |
| 246 | _aYudhiṣhṭhiravijayam | ||
| 260 |
_aनवदेहली _b राष्ट्रियसंस्कृतसंस्थानम् _c2007 |
||
| 300 |
_a614पृ0 _ccm. |
||
| 650 |
_aसंस्कृत साहित्य _9158774 |
||
| 942 |
_hO15,1K20,2, P7 _cTEXL _2CC |
||
| 999 |
_c295967 _d295967 |
||